[Event "IX Floripa Chess Open Fort Atacadista"]
[Site "Florianópolis - Santa Catari"]
[Date "2023.01.24"]
[Round "3.50"]
[White "Silva, Gabryel Lunardi Car"]
[Black "Calcado, Acyr Rogerio"]
[Result "0-1"]
[WhiteElo "1697"]
[BlackElo "2106"]
[PlyCount "72"]
[EventDate "2023.01.23"]
[EventRounds "10"]
[EventCountry "BRA"]

1. e4 d5 2. exd5 Nf6 3. Nc3 Nxd5 4. Bc4 e6 5. Qf3 c6 6. Nge2 Nd7 7. d4 N7f6 8.
O-O Bd6 9. Bg5 Qc7 10. Bxd5 Nxd5 11. Nxd5 cxd5 12. c3 Bxh2+ 13. Kh1 Bd6 14.
Rae1 O-O 15. g3 f6 16. Bd2 Qf7 17. Nf4 Bd7 18. Ne2 Rae8 19. Kg2 e5 20. Rh1 e4
21. Qe3 Bg4 22. Rh2 g5 23. Rg1 Qg6 24. Kf1 Bf3 25. Rh3 Qf5 26. Rh2 Re7 27. Ke1
Rg7 28. Rf1 Qd7 29. Ng1 Re8 30. Bc1 Bg4 31. Kd2 f5 32. Kc2 f4 33. Qe1 Qb5 34.
Kb1 e3 35. fxe3 fxe3 36. Ka1 Bxg3 0-1

[Event "IX Floripa Chess Open Fort Atacadista"]
[Site "Florianópolis - Santa Catari"]
[Date "2023.01.24"]
[Round "3.51"]
[White "Moreira, Paulo Vinicius Mace"]
[Black "Starke, Bruno Orlando"]
[Result "0-1"]
[WhiteElo "1800"]
[BlackElo "2100"]
[PlyCount "83"]
[EventDate "2023.01.23"]
[EventRounds "10"]
[EventCountry "BRA"]

1. d4 d5 2. c4 e6 3. Nf3 c6 4. g3 dxc4 5. Bg2 b5 6. O-O Bb7 7. a4 Nd7 8. Qc2
Ngf6 9. Bf4 Be7 10. Ne5 Nxe5 11. Bxe5 a6 12. b3 cxb3 13. Qxb3 O-O 14. Nc3 Qb6
15. Rfd1 Rfd8 16. a5 Qa7 17. e3 Rac8 18. Ne4 Nxe4 19. Bxe4 c5 20. Bxb7 Qxb7 21.
dxc5 Rxc5 22. Rxd8+ Bxd8 23. Qd3 Qd5 24. Qxd5 Rxd5 25. Bd4 Rd6 26. Kf1 f6 27.
f4 Rc6 28. h3 Bc7 29. Ba7 Kf7 30. Ke2 e5 31. Kf3 Ke6 32. e4 Rc3+ 33. Kg4 h5+
34. Kxh5 exf4 35. gxf4 Bxf4 36. Kg4 Be5 37. Ra2 Rg3+ 38. Kh4 g5+ 39. Kh5 Rxh3+
40. Kg4 Rh4+ 41. Kf3 g4+ 42. Ke3 0-1

[Event "IX Floripa Chess Open Fort Atacadista"]
[Site "Florianópolis - Santa Catari"]
[Date "2023.01.24"]
[Round "3.52"]
[White "Cordeiro, Marco Aurelio Zaror"]
[Black "Setti, Dalmarino"]
[Result "1-0"]
[WhiteElo "2099"]
[BlackElo "1696"]
[PlyCount "79"]
[EventDate "2023.01.23"]
[EventRounds "10"]
[EventCountry "BRA"]

1. e4 d5 2. exd5 Nf6 3. d4 Bg4 4. Bb5+ Nbd7 5. Nf3 Nxd5 6. O-O c6 7. Be2 e6 8.
c4 N5f6 9. h3 Bh5 10. Nc3 Be7 11. Be3 O-O 12. g4 Bg6 13. Nh4 Nxg4 14. Nxg6 Nxe3
15. Nxe7+ Qxe7 16. fxe3 Qg5+ 17. Kh2 Qxe3 18. Qd3 Qh6 19. Rad1 Rad8 20. Qd2 Qh4
21. Qf4 Qe7 22. Ne4 f6 23. Qd6 Qe8 24. Nc5 Nxc5 25. Qxc5 Qg6 26. Bd3 Qf7 27.
Be4 Qc7+ 28. Kh1 f5 29. Bg2 Rf6 30. d5 Qe5 31. Qe7 Rdf8 32. Qxb7 Rb8 33. Qxc6
Qxb2 34. Rb1 Qxb1 35. Rxb1 Rxb1+ 36. Kh2 Rb6 37. Qa8+ Rf8 38. Qxa7 Rd6 39. c5
Rdd8 40. dxe6 1-0

[Event "IX Floripa Chess Open Fort Atacadista"]
[Site "Florianópolis - Santa Catari"]
[Date "2023.01.24"]
[Round "3.53"]
[White "Do Nascimento, Christian Almeida"]
[Black "Silverio, Vitor Luis De Jesus"]
[Result "1-0"]
[WhiteElo "2097"]
[BlackElo "1682"]
[PlyCount "133"]
[EventDate "2023.01.23"]
[EventRounds "10"]
[EventCountry "BRA"]

1. d4 Nf6 2. Bg5 Ne4 3. Bf4 d5 4. e3 e6 5. Bd3 Nd7 6. Bxe4 dxe4 7. Nc3 Bd6 8.
Bxd6 cxd6 9. Nxe4 d5 10. Nd6+ Ke7 11. Nxc8+ Rxc8 12. Ne2 Nf6 13. O-O Qc7 14. c3
Ne4 15. f3 Nd6 16. b3 Nb5 17. Rc1 Qa5 18. Qd3 Nd6 19. Rc2 f5 20. Re1 b5 21. b4
Qc7 22. Ng3 h5 23. Nf1 Qc4 24. Qd1 g5 25. Qb1 g4 26. Rcc1 gxf3 27. gxf3 Rhg8+
28. Kh1 Qc6 29. Nd2 Nc4 30. Nb3 Rg7 31. Qd3 Rcg8 32. Rg1 Rxg1+ 33. Rxg1 Rxg1+
34. Kxg1 Qa6 35. Qe2 Qa3 36. Kf2 Qb2 37. Qxb2 Nxb2 38. Ke2 Na4 39. Kd2 f4 40.
exf4 Kf6 41. Nc5 Nb6 42. Na6 Kf5 43. Nc7 Kxf4 44. Ke2 a6 45. Nxe6+ Kf5 46. Nc7
Na4 47. Kd3 Kf4 48. Nxd5+ Kxf3 49. Ne3 h4 50. d5 h3 51. d6 Nb6 52. Kd4 Kf2 53.
Ng4+ Kf3 54. Ne3 Nd7 55. a3 Nf8 56. Nd5 Nd7 57. c4 bxc4 58. Kxc4 Ke4 59. Nc7
Ke5 60. Ne8 Ke6 61. a4 Ne5+ 62. Kc5 Kd7 63. Nf6+ Ke6 64. d7 Ke7 65. b5 axb5 66.
axb5 Nf3 67. b6 1-0

[Event "IX Floripa Chess Open Fort Atacadista"]
[Site "Florianópolis - Santa Catari"]
[Date "2023.01.24"]
[Round "3.54"]
[White "Fischer, Ivo Lucio"]
[Black "Cuenca Jimenez, Jose Fernando"]
[Result "0-1"]
[WhiteElo "1926"]
[BlackElo "2545"]
[PlyCount "70"]
[EventDate "2023.01.23"]
[EventRounds "10"]
[EventCountry "BRA"]

1. d4 Nf6 2. c4 g6 3. Nc3 Bg7 4. e4 d6 5. f3 O-O 6. Be3 c5 7. dxc5 dxc5 8. Qxd8
Rxd8 9. Bxc5 Nc6 10. Ba3 a5 11. Rd1 Rxd1+ 12. Kxd1 Nb4 13. Nd5 Nfxd5 14. cxd5
e6 15. Bc4 exd5 16. exd5 Bf5 17. g4 Bc2+ 18. Kd2 Bh6+ 19. Kc3 Rc8 20. Bxb4
axb4+ 21. Kxc2 Rxc4+ 22. Kd3 Rc1 23. d6 Kf8 24. h4 Bf4 25. Ne2 Rxh1 26. Nxf4
Rd1+ 27. Kc4 Rxd6 28. Nd5 Ra6 29. Nxb4 Rf6 30. a4 Rxf3 31. Nd3 Ke7 32. b4 Kd6
33. a5 Rg3 34. Nc5 Rxg4+ 35. Kb5 Kc7 0-1

[Event "IX Floripa Chess Open Fort Atacadista"]
[Site "Florianópolis - Santa Catari"]
[Date "2023.01.24"]
[Round "3.55"]
[White "Kayser, Gustavo Warmling"]
[Black "Lujan, Carolina"]
[Result "1/2-1/2"]
[WhiteElo "1898"]
[BlackElo "2324"]
[PlyCount "70"]
[EventDate "2023.01.23"]
[EventRounds "10"]
[EventCountry "BRA"]

1. e4 c5 2. Nf3 Nc6 3. d4 cxd4 4. Nxd4 e5 5. Nb5 d6 6. N1c3 a6 7. Na3 Be6 8.
Nc4 Rb8 9. a4 Nf6 10. Bg5 Nb4 11. Bxf6 Qxf6 12. Ne3 Rc8 13. Rc1 Qd8 14. Ncd5
Nxd5 15. Nxd5 g6 16. c3 Bh6 17. Rb1 O-O 18. g3 f5 19. Bg2 Rc5 20. b4 Rc4 21.
exf5 gxf5 22. O-O e4 23. f3 Qg5 24. Re1 Qd2 25. Qxd2 Bxd2 26. Re2 Bg5 27. Rd1
Bxd5 28. Rxd5 Rxc3 29. fxe4 Be3+ 30. Kf1 fxe4+ 31. Ke1 Rc1+ 32. Rd1 Bf2+ 33.
Kd2 Rxd1+ 34. Kxd1 d5 35. Rd2 d4 1/2-1/2

[Event "IX Floripa Chess Open Fort Atacadista"]
[Site "Florianópolis - Santa Catari"]
[Date "2023.01.24"]
[Round "3.56"]
[White "Bastos, Guilherme Exterhott"]
[Black "Labussiere, Victor"]
[Result "0-1"]
[WhiteElo "1902"]
[BlackElo "2315"]
[PlyCount "86"]
[EventDate "2023.01.23"]
[EventRounds "10"]
[EventCountry "BRA"]

1. d4 Nf6 2. Bf4 d5 3. e3 c5 4. c3 Nc6 5. Nd2 Bf5 6. Ngf3 e6 7. Qb3 Qc8 8. h3
h6 9. Be2 Be7 10. O-O c4 11. Qd1 b5 12. a3 O-O 13. Ne5 a6 14. Re1 Qb7 15. Nxc6
Qxc6 16. Qc1 a5 17. Bd1 Rfd8 18. Bc2 b4 19. Qb1 Bxc2 20. Qxc2 bxc3 21. bxc3 a4
22. Reb1 Rd7 23. Qa2 Rb7 24. Rxb7 Qxb7 25. Rb1 Qc8 26. Rb5 Qf8 27. Nb1 Ne4 28.
Qb2 Nd6 29. Rb6 h5 30. Bh2 h4 31. f3 Nf5 32. e4 Ng3 33. Kf2 dxe4 34. Bxg3 e3+
35. Kxe3 hxg3 36. Qb5 Bxa3 37. Qxc4 Bc1+ 38. Kd3 Qd8 39. Ra6 Rb8 40. Qxa4 Qg5
41. Qc2 Rb2 42. Ra8+ Kh7 43. Qa4 Rxb1 0-1

[Event "IX Floripa Chess Open Fort Atacadista"]
[Site "Florianópolis - Santa Catari"]
[Date "2023.01.24"]
[Round "3.57"]
[White "Perez, Daniel"]
[Black "Kazuhiro Shikasho, Erik"]
[Result "1-0"]
[WhiteElo "2306"]
[BlackElo "1886"]
[PlyCount "63"]
[EventDate "2023.01.23"]
[EventRounds "10"]
[EventCountry "BRA"]

1. e4 c5 2. Nf3 d6 3. d4 cxd4 4. Nxd4 Nf6 5. f3 e5 6. Nb3 Be6 7. c4 Qc7 8. Na3
a6 9. Be3 Be7 10. Rc1 Nbd7 11. Be2 Rc8 12. O-O O-O 13. Qd2 Rfd8 14. Na1 b6 15.
N1c2 Qb7 16. Nb4 Nc5 17. Nd5 Bxd5 18. cxd5 b5 19. Nc2 Ncd7 20. Qa5 Re8 21. Nb4
Nb8 22. Qb6 Qxb6 23. Bxb6 Bd8 24. Bf2 Ba5 25. Nxa6 Nxa6 26. Bxb5 Rxc1 27. Rxc1
Nc7 28. Bxe8 Nfxe8 29. a3 Nb5 30. Rc8 Kf8 31. b4 Bc7 32. a4 1-0

[Event "IX Floripa Chess Open Fort Atacadista"]
[Site "Florianópolis - Santa Catari"]
[Date "2023.01.24"]
[Round "3.58"]
[White "Menna Barreto, Felipe Kubiaki"]
[Black "Marques, Eudes Pinto"]
[Result "1/2-1/2"]
[WhiteElo "2305"]
[BlackElo "1882"]
[PlyCount "91"]
[EventDate "2023.01.23"]
[EventRounds "10"]
[EventCountry "BRA"]

1. d4 Nf6 2. Nf3 e6 3. Bg5 Be7 4. Nbd2 b6 5. e4 Bb7 6. Bd3 Nc6 7. c3 d6 8. O-O
Nd7 9. Be3 Bf6 10. Re1 e5 11. Nf1 O-O 12. Ng3 Ne7 13. a4 c5 14. dxe5 Nxe5 15.
Nxe5 dxe5 16. Qc2 g6 17. Bc4 Qc7 18. Bh6 Bg7 19. Qc1 Rad8 20. h4 Qd6 21. h5
Bxh6 22. Qxh6 Qd2 23. Re3 Bc8 24. hxg6 hxg6 25. Nf5 Bxf5 26. exf5 Rd6 27. fxg6
Nxg6 28. Rf1 Rf6 29. b3 Rd8 30. Qh5 Kg7 31. Qe2 Qxe2 32. Rxe2 Rfd6 33. g3 Rd1
34. Rxd1 Rxd1+ 35. Kg2 f5 36. a5 Kf6 37. Ra2 e4 38. axb6 axb6 39. Ra6 Rd6 40.
Kf1 Ne5 41. Ke2 Nxc4 42. bxc4 Ke5 43. Ra8 Rd3 44. Ra3 Rf3 45. Rb3 Rd3 46. Ra3
1/2-1/2

[Event "IX Floripa Chess Open Fort Atacadista"]
[Site "Florianópolis - Santa Catari"]
[Date "2023.01.24"]
[Round "3.59"]
[White "Rodrigues, Nei Jorge"]
[Black "Pereyra, Juan"]
[Result "0-1"]
[WhiteElo "1845"]
[BlackElo "2286"]
[PlyCount "46"]
[EventDate "2023.01.23"]
[EventRounds "10"]
[EventCountry "BRA"]

1. Nf3 Nf6 2. g3 g6 3. b3 Bg7 4. Bb2 O-O 5. Bg2 d6 6. O-O Nbd7 7. d4 c5 8. c4
a6 9. Nc3 Rb8 10. e3 b5 11. dxc5 Nxc5 12. cxb5 axb5 13. Nd4 Bb7 14. b4 Na6 15.
a3 Qb6 16. Rc1 Nc7 17. Nce2 Ng4 18. Qc2 Rbc8 19. Nc6 Bxc6 20. Bxg7 Bxg2 21.
Kxg2 Kxg7 22. Nd4 Ne6 23. Nxe6+ fxe6 0-1

[Event "IX Floripa Chess Open Fort Atacadista"]
[Site "Florianópolis - Santa Catari"]
[Date "2023.01.24"]
[Round "3.60"]
[White "Milat, Marcel"]
[Black "Ferreira, Gabriel Duque"]
[Result "1/2-1/2"]
[WhiteElo "2271"]
[BlackElo "1848"]
[PlyCount "40"]
[EventDate "2023.01.23"]
[EventRounds "10"]
[EventCountry "BRA"]

1. Nf3 Nf6 2. d4 g6 3. Bf4 Bg7 4. e3 O-O 5. Be2 d6 6. h3 b6 7. O-O c5 8. c3 Bb7
9. a4 a6 10. Nbd2 Nbd7 11. Qb3 Bc6 12. Rfd1 Ra7 13. Qa3 Qa8 14. Bf1 Rc7 15. Bh2
Ne4 16. Nxe4 Bxe4 17. Nd2 Bb7 18. b4 cxd4 19. cxd4 Rfc8 20. Rac1 Nf6 1/2-1/2

[Event "IX Floripa Chess Open Fort Atacadista"]
[Site "Florianópolis - Santa Catari"]
[Date "2023.01.24"]
[Round "3.62"]
[White "Aranha Filho, Alvaro Z."]
[Black "Da Rosa, Henrique Jaze Simoe"]
[Result "1-0"]
[WhiteElo "2171"]
[BlackElo "1838"]
[PlyCount "55"]
[EventDate "2023.01.23"]
[EventRounds "10"]
[EventCountry "BRA"]

1. c4 c6 2. e4 d5 3. exd5 cxd5 4. d4 Nf6 5. Nc3 e6 6. Nf3 Bd6 7. c5 Bc7 8. Nb5
h6 9. Nxc7+ Qxc7 10. b4 O-O 11. Bd3 a6 12. O-O Nc6 13. Qb3 Rd8 14. Bb2 Nh5 15.
Rfe1 Nf4 16. Bc2 b6 17. g3 Nh5 18. a4 Nf6 19. b5 Na5 20. Qc3 Nc4 21. c6 Nd6 22.
Qd3 Re8 23. Ne5 Nfe4 24. f3 f6 25. fxe4 fxe5 26. dxe5 Nxe4 27. Rxe4 dxe4 28.
Qxe4 1-0

[Event "IX Floripa Chess Open Fort Atacadista"]
[Site "Florianópolis - Santa Catari"]
[Date "2023.01.24"]
[Round "3.63"]
[White "Piassi, Eric Augusto"]
[Black "Caetano, Hugo Zanotti Mendon"]
[Result "0-1"]
[WhiteElo "1837"]
[BlackElo "2166"]
[PlyCount "82"]
[EventDate "2023.01.23"]
[EventRounds "10"]
[EventCountry "BRA"]

1. d4 d5 2. Nf3 e6 3. Bg5 Be7 4. Bf4 Nf6 5. e3 O-O 6. Be2 c5 7. O-O Nc6 8. c3
Bd6 9. Bg5 h6 10. Bh4 a6 11. Nbd2 Re8 12. Nb3 c4 13. Nbd2 b5 14. a3 Qc7 15. Bg3
Bxg3 16. hxg3 a5 17. b4 Bd7 18. Qc2 Ra6 19. e4 Rea8 20. e5 Nh7 21. Rab1 axb4
22. axb4 Ra3 23. Rb2 f6 24. exf6 Nxf6 25. Nh4 e5 26. dxe5 Qxe5 27. Nb1 Ra1 28.
Re1 Qe4 29. Qd2 Re8 30. Nf3 Ne5 31. Nxe5 Qxe5 32. Rd1 Bf5 33. Bf3 Bd3 34. Qf4
Qxf4 35. gxf4 Ne4 36. Bxe4 Rxe4 37. Kh2 Re2 38. Rxe2 Bxe2 39. Rxd5 Rxb1 40.
Rxb5 Rb3 41. Rc5 Rxc3 0-1

[Event "IX Floripa Chess Open Fort Atacadista"]
[Site "Florianópolis - Santa Catari"]
[Date "2023.01.24"]
[Round "3.64"]
[White "Zampronha, Wladimir Camilo"]
[Black "Da Silva, Lucas Pereira Mende"]
[Result "1/2-1/2"]
[WhiteElo "2164"]
[BlackElo "1838"]
[PlyCount "109"]
[EventDate "2023.01.23"]
[EventRounds "10"]
[EventCountry "BRA"]

1. e4 d6 2. d4 Nf6 3. Nc3 g6 4. Bg5 Bg7 5. f4 O-O 6. Nf3 c6 7. Qd2 b5 8. a3 d5
9. Bxf6 Bxf6 10. exd5 a6 11. dxc6 Nxc6 12. Rd1 Bg4 13. Be2 Rc8 14. Ne4 Bg7 15.
c3 Qb6 16. Ne5 Nxe5 17. fxe5 Be6 18. Nf2 Bb3 19. Rc1 Rfd8 20. Qf4 Bd5 21. O-O
a5 22. Bf3 Bc4 23. Rfe1 b4 24. axb4 axb4 25. Ne4 Qc7 26. Bg4 Rb8 27. Nc5 b3 28.
Be2 Bxe2 29. Rxe2 Qc6 30. Rf1 Qd5 31. Qf3 Qxf3 32. Rxf3 e6 33. Ref2 Bf8 34. Ne4
Rb7 35. Ng5 Ra8 36. Rf1 Ra2 37. Rb1 Ra8 38. Ne4 Kg7 39. Kf1 Ra2 40. Rd3 Rba7
41. Rdd1 Be7 42. Nd2 Rb7 43. Ke2 f6 44. exf6+ Bxf6 45. Kd3 Ra5 46. Ra1 Rg5 47.
g3 Rh5 48. Rh1 e5 49. Ra3 exd4 50. Rxb3 Rhb5 51. Rxb5 Rxb5 52. Nc4 Rd5 53. Ke4
Rc5 54. Kd3 Rd5 55. Ke4 1/2-1/2

[Event "IX Floripa Chess Open Fort Atacadista"]
[Site "Florianópolis - Santa Catari"]
[Date "2023.01.24"]
[Round "3.65"]
[White "Vieira, Jose Renato Braga S"]
[Black "Pereira, Silvio Cunha"]
[Result "0-1"]
[WhiteElo "1828"]
[BlackElo "2159"]
[PlyCount "100"]
[EventDate "2023.01.23"]
[EventRounds "10"]
[EventCountry "BRA"]

1. d4 Nf6 2. c4 g6 3. Nc3 Bg7 4. e4 O-O 5. Be2 d6 6. Bg5 c6 7. Qd2 Nbd7 8.
O-O-O a6 9. h4 b5 10. e5 b4 11. exf6 bxc3 12. Qxc3 Nxf6 13. Nf3 Rb8 14. h5 Ne4
15. Qe3 Qb6 16. b3 Qa5 17. Kb2 Nxg5 18. Qxg5 Qxg5 19. Nxg5 c5 20. Nf3 Bg4 21.
Kc2 Bxf3 22. Bxf3 Bxd4 23. hxg6 hxg6 24. Rde1 e6 25. Re2 a5 26. Bc6 Kg7 27. f3
Rh8 28. Ree1 Kf6 29. Kd3 Kg5 30. Ke4 f5+ 31. Kd3 e5 32. Bd7 Kf4 33. g4 Bf2 34.
Rxh8 Rxh8 35. Re2 Bd4 36. gxf5 gxf5 37. Bc6 Rh1 38. Bd5 Rf1 39. Rh2 Rd1+ 40.
Kc2 Rg1 41. Bc6 Ke3 42. Rd2 Ra1 43. Rd3+ Kf4 44. a4 Ra2+ 45. Kd1 e4 46. fxe4
fxe4 47. Rh3 e3 48. Rh4+ Kg3 49. Re4 Rb2 50. Re6 Kf2 0-1

[Event "IX Floripa Chess Open Fort Atacadista"]
[Site "Florianópolis - Santa Catari"]
[Date "2023.01.24"]
[Round "3.66"]
[White "Caldeira, Adriano"]
[Black "Machado, Leonardo Ribeiro"]
[Result "1-0"]
[WhiteElo "2156"]
[BlackElo "1807"]
[PlyCount "59"]
[EventDate "2023.01.23"]
[EventRounds "10"]
[EventCountry "BRA"]

1. e4 d6 2. d4 Nf6 3. Nc3 Nbd7 4. Nf3 e5 5. Bc4 Be7 6. h3 O-O 7. Be3 c6 8. a4
a5 9. O-O Qc7 10. Qe2 exd4 11. Bxd4 Ne5 12. Bb3 Nfd7 13. Nd2 Bf6 14. Rad1 Re8
15. Nc4 Nc5 16. Bxc5 dxc5 17. Nd6 Rd8 18. Nxc8 Raxc8 19. f4 Ng6 20. e5 Rxd1 21.
Qxd1 Rd8 22. Qh5 Be7 23. Bxf7+ Kxf7 24. f5 Kg8 25. fxg6 hxg6 26. Qe2 Rd4 27.
Qe3 Qd8 28. Qf3 Rd2 29. Ne4 Rxc2 30. Qb3+ 1-0

[Event "IX Floripa Chess Open Fort Atacadista"]
[Site "Florianópolis - Santa Catari"]
[Date "2023.01.24"]
[Round "3.67"]
[White "Tamayo, Jose Luis"]
[Black "De Oliveira, Gustavo Alfredo Bue"]
[Result "0-1"]
[WhiteElo "1805"]
[BlackElo "2150"]
[PlyCount "82"]
[EventDate "2023.01.23"]
[EventRounds "10"]
[EventCountry "BRA"]

1. e4 c5 2. Nc3 d6 3. f4 e6 4. Nf3 Be7 5. Bb5+ Bd7 6. O-O Nf6 7. d3 O-O 8. Bc4
Bc6 9. Qe1 d5 10. Bb3 b5 11. e5 c4 12. exf6 Bxf6 13. d4 cxb3 14. axb3 b4 15.
Na4 Bb5 16. Rf2 Nc6 17. Be3 Bxa4 18. Rxa4 Qb6 19. Rd2 Rad8 20. Ne5 Ne7 21. Ng4
Nf5 22. Nxf6+ gxf6 23. Bf2 Nd6 24. Rd3 a5 25. Rh3 Ne4 26. Be3 Qc7 27. Qe2 f5
28. Ra1 Kh8 29. Rc1 Rg8 30. c4 bxc3 31. bxc3 Qb7 32. Qh5 Rg7 33. Qd1 Rdg8 34.
g3 Rb8 35. b4 axb4 36. cxb4 Qxb4 37. Kg2 Nd6 38. Bd2 Qb3 39. Qe2 Nc4 40. Be1
Qb2 41. Rc2 Qxc2 0-1

[Event "IX Floripa Chess Open Fort Atacadista"]
[Site "Florianópolis - Santa Catari"]
[Date "2023.01.24"]
[Round "3.68"]
[White "Campelo, Leandro Fabricio"]
[Black "Eger, Laura Luisa"]
[Result "1-0"]
[WhiteElo "2125"]
[BlackElo "1800"]
[PlyCount "31"]
[EventDate "2023.01.23"]
[EventRounds "10"]
[EventCountry "BRA"]

1. e4 e5 2. Nf3 Nc6 3. Bb5 a6 4. Ba4 Nf6 5. O-O b5 6. Bb3 Bc5 7. c3 d6 8. d4
Bb6 9. a4 Rb8 10. axb5 axb5 11. Na3 O-O 12. Nxb5 Bxd4 13. Nbxd4 Nxd4 14. cxd4
exd4 15. Nxd4 Nxe4 16. Nc6 1-0

[Event "IX Floripa Chess Open Fort Atacadista"]
[Site "Florianópolis - Santa Catari"]
[Date "2023.01.24"]
[Round "3.69"]
[White "Trevisan, Rodrigo"]
[Black "Moro, Antonio Renato Pere"]
[Result "1-0"]
[WhiteElo "2101"]
[BlackElo "1770"]
[PlyCount "95"]
[EventDate "2023.01.23"]
[EventRounds "10"]
[EventCountry "BRA"]

1. c4 Nf6 2. Nc3 g6 3. g3 Bg7 4. Bg2 O-O 5. Nf3 d5 6. cxd5 Nxd5 7. O-O c5 8.
Qb3 e6 9. Ne1 Nxc3 10. dxc3 Qb6 11. Be3 e5 12. Nd3 Na6 13. Qa3 Re8 14. Nxc5
Nxc5 15. Bxc5 Qb5 16. Rfe1 e4 17. Rad1 b6 18. Be7 Bb7 19. Qb4 Qf5 20. e3 Qe6
21. Bd6 Bd5 22. b3 Rac8 23. c4 Bc6 24. Bf4 Bf8 25. Qc3 a5 26. Qd4 Bc5 27. Qb2
Bf8 28. h4 Bg7 29. Qd2 Bf8 30. Qb2 Bg7 31. Qc2 Bf8 32. Kh2 Bb4 33. Rg1 Qe7 34.
Qb2 Qf8 35. Bh3 Rcd8 36. Bg5 Rd3 37. Bf6 Qd6 38. Bh8 Qf8 39. Bd4 b5 40. Qc2
Rxd1 41. Rxd1 f5 42. Ba1 Qf7 43. Bf1 Rb8 44. cxb5 Bxb5 45. Bxb5 Rxb5 46. Rd8+
Bf8 47. Qb2 Qe7 48. Qh8+ 1-0

[Event "IX Floripa Chess Open Fort Atacadista"]
[Site "Florianópolis - Santa Catari"]
[Date "2023.01.24"]
[Round "3.70"]
[White "Melo, Igor De Souza"]
[Black "Mariano, Marceley Martins"]
[Result "0-1"]
[WhiteElo "1749"]
[BlackElo "2089"]
[PlyCount "124"]
[EventDate "2023.01.23"]
[EventRounds "10"]
[EventCountry "BRA"]

1. e4 c5 2. Nf3 d6 3. Bb5+ Nc6 4. d4 cxd4 5. Qxd4 Bd7 6. Bxc6 Bxc6 7. Nc3 Nf6
8. Bg5 e6 9. O-O-O Be7 10. Rhe1 Qc7 11. Bxf6 gxf6 12. Nd5 exd5 13. exd5 Bb5 14.
Qxf6 Rf8 15. Rxe7+ Qxe7 16. Re1 Be2 17. Qf4 O-O-O 18. Qd2 Rde8 19. Nd4 Qh4 20.
Rxe2 Rxe2 21. Nxe2 Qxf2 22. Qc3+ Kb8 23. Qg3 Qxg3 24. Nxg3 Kc7 25. Kd2 Rg8 26.
Ke3 Kb6 27. c4 h5 28. Kf3 Rg5 29. Ne4 Rf5+ 30. Ke3 Kc7 31. Kd4 Rf4 32. g3 Rf1
33. a3 b6 34. h4 Rg1 35. Nf6 Rxg3 36. Nxh5 Rg4+ 37. Kd3 Rxh4 38. Nf6 Rh2 39.
Kc3 Rf2 40. Ne4 Rf3+ 41. Kc2 f5 42. Ng5 Rf2+ 43. Kc3 f4 44. b4 Kd7 45. Kd4 Ra2
46. Ke4 Rxa3 47. Kxf4 Rc3 48. c5 bxc5 49. bxc5 Rxc5 50. Ke4 a5 51. Kd4 a4 52.
Ne4 a3 53. Nc3 Kc7 54. Kd3 Rxc3+ 55. Kxc3 Kb6 56. Kb3 Kc5 57. Kxa3 Kxd5 58. Kb3
Kd4 59. Kc2 Ke3 60. Kc3 d5 61. Kc2 d4 62. Kc1 Ke2 0-1

[Event "IX Floripa Chess Open Fort Atacadista"]
[Site "Florianópolis - Santa Catari"]
[Date "2023.01.24"]
[Round "3.71"]
[White "Ferreira, Thales Bond Dias"]
[Black "Reinaldo Dos Santos, Julio"]
[Result "1-0"]
[WhiteElo "2085"]
[BlackElo "1749"]
[PlyCount "102"]
[EventDate "2023.01.23"]
[EventRounds "10"]
[EventCountry "BRA"]

1. c4 e5 2. Nc3 Nc6 3. g3 Bb4 4. Bg2 Bxc3 5. bxc3 f5 6. d3 d6 7. Rb1 Nf6 8. e3
O-O 9. Ne2 Qe8 10. O-O h5 11. h4 b6 12. Re1 Bb7 13. Ba3 Na5 14. Bxb7 Nxb7 15.
d4 c5 16. Qb3 Ne4 17. Rbd1 Qg6 18. Bc1 Na5 19. Qb5 Qe6 20. d5 Qe7 21. Kg2 Qe8
22. a4 Nf6 23. Ng1 Qd8 24. Nh3 Nh7 25. f4 e4 26. Qb2 Nxc4 27. Qe2 Na5 28. Qxh5
Qd7 29. Ng5 Nf6 30. Qg6 Rae8 31. h5 Re7 32. Rh1 Qe8 33. Qxf5 Nb7 34. c4 Nd8 35.
Bb2 Nf7 36. Bxf6 Nxg5 37. Qxg5 Rxf6 38. Ra1 Qf7 39. Qg4 Qe8 40. Qe2 Rb7 41. g4
a6 42. g5 Rff7 43. h6 g6 44. Qb2 Kh7 45. Rab1 Qd7 46. Kg3 Rf8 47. Qb3 Rbb8 48.
Qc2 Qe8 49. Rb3 Qe7 50. Qc3 Qf7 51. Rb2 Qe7 1-0

[Event "IX Floripa Chess Open Fort Atacadista"]
[Site "Florianópolis - Santa Catari"]
[Date "2023.01.24"]
[Round "3.72"]
[White "De Paula, Luan Araujo"]
[Black "Carvalho, Felipe Lobo C."]
[Result "1-0"]
[WhiteElo "1747"]
[BlackElo "2068"]
[PlyCount "75"]
[EventDate "2023.01.23"]
[EventRounds "10"]
[EventCountry "BRA"]

1. e4 c5 2. Nf3 e6 3. d4 cxd4 4. Nxd4 Nf6 5. Nc3 a6 6. g3 Qc7 7. Bg2 b6 8. O-O
Bb7 9. Re1 d6 10. Nd5 exd5 11. exd5+ Kd8 12. Bg5 Nbd7 13. Qe2 Kc8 14. Bh3 Kb8
15. c4 Ka7 16. a4 Rc8 17. Nb5+ axb5 18. axb5+ Kb8 19. b3 Re8 20. Be3 Be7 21.
Ra3 Bd8 22. Qa2 Rxe3 23. Ra1 Qc5 24. Ra8+ Kc7 25. Qa7 Re1+ 26. Rxe1 Qd4 27. Ra1
Qxa1+ 28. Qxa1 Bxa8 29. Qxa8 Re8 30. Qa7+ Kc8 31. Qa8+ Kc7 32. Qc6+ Kb8 33.
Bxd7 Nxd7 34. Qxd7 Re1+ 35. Kg2 Bc7 36. Qxf7 Rb1 37. Qxg7 Rxb3 38. Qxh7 1-0

[Event "IX Floripa Chess Open Fort Atacadista"]
[Site "Florianópolis - Santa Catari"]
[Date "2023.01.24"]
[Round "3.75"]
[White "Constantino, Pedro Henrique"]
[Black "Camara, Terbio Jose"]
[Result "0-1"]
[WhiteElo "1727"]
[BlackElo "2055"]
[PlyCount "50"]
[EventDate "2023.01.23"]
[EventRounds "10"]
[EventCountry "BRA"]

1. e4 c5 2. Nf3 e6 3. c3 Nc6 4. d4 cxd4 5. cxd4 d5 6. e5 Qb6 7. a3 Bd7 8. b4
Rc8 9. Bb2 Na5 10. Nbd2 Nc4 11. Bxc4 dxc4 12. Ne4 a5 13. Qd2 axb4 14. axb4 Bxb4
15. Bc3 Be7 16. O-O Nh6 17. Nf6+ gxf6 18. Qxh6 Bc6 19. Rfb1 Qd8 20. Ba5 Bf8 21.
Qf4 Qd5 22. Qxf6 Rg8 23. Kh1 Rg6 24. Qf4 Bh6 25. Qh4 Qxf3 0-1

[Event "IX Floripa Chess Open Fort Atacadista"]
[Site "Florianópolis - Santa Catari"]
[Date "2023.01.24"]
[Round "3.76"]
[White "Rodrigues, Natanael Isau"]
[Black "Peroza, Eduardo Antunes"]
[Result "0-1"]
[WhiteElo "1714"]
[BlackElo "2053"]
[PlyCount "64"]
[EventDate "2023.01.23"]
[EventRounds "10"]
[EventCountry "BRA"]

1. d4 Nf6 2. Nf3 e6 3. e3 b6 4. b3 Ne4 5. Bb2 Bb7 6. Bd3 f5 7. Ne5 Nf6 8. Nf3
Be7 9. Qe2 O-O 10. O-O Nc6 11. a3 Qe8 12. Ba6 Nd8 13. Bxb7 Nxb7 14. c4 h6 15.
Nc3 g5 16. e4 f4 17. Ne5 c5 18. d5 d6 19. Ng4 Nxg4 20. Qxg4 e5 21. f3 Na5 22.
Nb5 Qd8 23. h4 a6 24. hxg5 hxg5 25. Kf2 axb5 26. Rh1 Kg7 27. Qh3 Rh8 28. Qe6
Ra7 29. Rxh8 Qxh8 30. Rg1 Nxb3 31. g3 Qh2+ 32. Rg2 fxg3+ 0-1